000
00238 a2200097 4500
001
39883
100
_a
Verma Ashok K
245
_a
Letter Writing for all Occasions
260
_a
New Delhi
_b
Gaurar Publications
_c
090
_c
24880
_d
24880
942
_a
NUST-CAE
_c
M
_c
16536
999
_c
274956
_d
274956